[Event "DEM U12w 2023"]
[Site "Willingen GER"]
[Date "2023.05.29"]
[Round "3"]
[White "Mehner, Clara"]
[Black "Myronova, Alisa"]
[Result "1-0"]
[Termination "normal"]
[Board "10"]
[WhiteElo "1250"]
[BlackElo "1314"]
[WhiteClock "00:02:36"]
[BlackClock "01:08:22"]
[PlyCount "103"]
[WhiteFideId "34612165"]
[BlackFideId "34160671"]
[EventCountry "GER"]
[EventRounds "9"]
[EventType "swiss"]
[EventDate "2023.05.27"]

1. e4 {[%clk 01:30:59]} {[%emt 17:16:24]} d5 {[%clk 01:30:51]} {[%emt
00:00:07]} 2. exd5 {[%clk 01:31:23]} {[%emt 00:00:07]} Qxd5 {[%clk 01:31:17]}
{[%emt 00:00:04]} 3. Nc3 {[%clk 01:31:43]} {[%emt 00:00:10]} Qa5 {[%clk
01:31:43]} {[%emt 00:00:04]} 4. d4 {[%clk 01:31:53]} {[%emt 00:00:20]} c6
{[%clk 01:32:07]} {[%emt 00:00:06]} 5. Bc4 {[%clk 01:31:36]} {[%emt 00:00:47]}
Bf5 {[%clk 01:31:39]} {[%emt 00:00:58]} 6. Bd2 {[%clk 01:31:05]} {[%emt
00:01:01]} Qc7 {[%clk 01:31:46]} {[%emt 00:00:23]} 7. Nge2 {[%clk 01:26:12]}
{[%emt 00:05:22]} e6 {[%clk 01:31:39]} {[%emt 00:00:38]} 8. Ng3 {[%clk
01:25:04]} {[%emt 00:01:37]} Bg6 {[%clk 01:31:50]} {[%emt 00:00:19]} 9. Nge4
{[%clk 01:18:30]} {[%emt 00:07:04]} Nd7 {[%clk 01:31:11]} {[%emt 00:01:10]} 10.
Qf3 {[%clk 01:09:29]} {[%emt 00:09:29]} Ngf6 {[%clk 01:30:17]} {[%emt
00:01:26]} 11. O-O {[%clk 01:03:20]} {[%emt 00:06:38]} Be7 {[%clk 01:28:42]}
{[%emt 00:02:01]} 12. Rfe1 {[%clk 01:00:43]} {[%emt 00:03:11]} O-O {[%clk
01:27:40]} {[%emt 00:01:33]} 13. Rad1 {[%clk 00:55:54]} {[%emt 00:05:18]} Nxe4
{[%clk 01:25:44]} {[%emt 00:02:26]} 14. Nxe4 {[%clk 00:54:13]} {[%emt
00:02:12]} Nf6 {[%clk 01:25:48]} {[%emt 00:00:21]} 15. Bd3 {[%clk 00:46:37]}
{[%emt 00:08:11]} Nxe4 {[%clk 01:25:20]} {[%emt 00:00:58]} 16. Bxe4 {[%clk
00:46:31]} {[%emt 00:00:36]} Bxe4 {[%clk 01:25:42]} {[%emt 00:00:07]} 17. Rxe4
{[%clk 00:46:18]} {[%emt 00:00:44]} Bd6 {[%clk 01:25:16]} {[%emt 00:00:55]} 18.
h3 {[%clk 00:44:27]} {[%emt 00:02:22]} Rad8 {[%clk 01:23:21]} {[%emt 00:02:14]}
19. Rg4 {[%clk 00:41:41]} {[%emt 00:03:27]} Rfe8 {[%clk 01:17:20]} {[%emt
00:06:30]} 20. Qf6 {[%clk 00:39:42]} {[%emt 00:02:30]} g6 {[%clk 01:17:10]}
{[%emt 00:00:40]} 21. Bh6 {[%clk 00:28:49]} {[%emt 00:11:24]} Bf8 {[%clk
01:17:23]} {[%emt 00:00:16]} 22. Bf4 {[%clk 00:26:07]} {[%emt 00:03:12]} Qe7
{[%clk 01:16:39]} {[%emt 00:01:10]} 23. Qxe7 {[%clk 00:23:42]} {[%emt
00:02:59]} Bxe7 {[%clk 01:17:00]} {[%emt 00:00:08]} 24. Rd3 {[%clk 00:20:05]}
{[%emt 00:04:07]} Bf8 {[%clk 01:15:58]} {[%emt 00:01:33]} 25. c3 {[%clk
00:18:24]} {[%emt 00:02:12]} e5 {[%clk 01:15:03]} {[%emt 00:01:24]} 26. Be3
{[%clk 00:15:50]} {[%emt 00:03:04]} exd4 {[%clk 01:14:27]} {[%emt 00:01:06]}
27. Rgxd4 {[%clk 00:13:17]} {[%emt 00:03:03]} Rxd4 {[%clk 01:14:30]} {[%emt
00:00:27]} 28. Bxd4 {[%clk 00:10:38]} {[%emt 00:03:09]} Bd6 {[%clk 01:11:21]}
{[%emt 00:03:37]} 29. Kf1 {[%clk 00:10:14]} {[%emt 00:00:56]} Bb8 {[%clk
01:11:15]} {[%emt 00:00:36]} 30. Bf6 {[%clk 00:09:34]} {[%emt 00:01:09]} Kf8
{[%clk 01:10:37]} {[%emt 00:01:00]} 31. Rd7 {[%clk 00:09:00]} {[%emt 00:01:12]}
b6 {[%clk 01:10:28]} {[%emt 00:00:40]} 32. Rb7 {[%clk 00:08:29]} {[%emt
00:01:02]} c5 {[%clk 01:07:06]} {[%emt 00:03:51]} 33. g3 {[%clk 00:06:48]}
{[%emt 00:02:11]} h5 {[%clk 01:07:00]} {[%emt 00:00:34]} 34. Kg2 {[%clk
00:06:51]} {[%emt 00:00:28]} Rc8 {[%clk 01:06:07]} {[%emt 00:01:20]} 35. Kf3
{[%clk 00:06:42]} {[%emt 00:00:43]} Re8 {[%clk 01:06:16]} {[%emt 00:00:21]} 36.
c4 {[%clk 00:05:31]} {[%emt 00:01:42]} Kg8 {[%clk 01:06:08]} {[%emt 00:00:35]}
37. g4 {[%clk 00:05:07]} {[%emt 00:00:55]} hxg4+ {[%clk 01:06:30]} {[%emt
00:00:09]} 38. hxg4 {[%clk 00:05:12]} {[%emt 00:00:25]} Kf8 {[%clk 01:06:47]}
{[%emt 00:00:12]} 39. Kg2 {[%clk 00:05:09]} {[%emt 00:00:33]} Kg8 {[%clk
01:07:09]} {[%emt 00:00:08]} 40. Kh3 {[%clk 00:04:52]} {[%emt 00:00:48]} Kf8
{[%clk 01:07:32]} {[%emt 00:00:07]} 41. Kh4 {[%clk 00:05:09]} {[%emt 00:00:12]}
Kg8 {[%clk 01:07:50]} {[%emt 00:00:12]} 42. Kg5 {[%clk 00:05:11]} {[%emt
00:00:28]} Kf8 {[%clk 01:07:54]} {[%emt 00:00:26]} 43. Kh6 {[%clk 00:04:16]}
{[%emt 00:01:26]} Kg8 {[%clk 01:08:03]} {[%emt 00:00:20]} 44. Kg5 {[%clk
00:02:20]} {[%emt 00:02:27]} Kf8 {[%clk 01:07:52]} {[%emt 00:00:39]} 45. f4
{[%clk 00:01:45]} {[%emt 00:01:07]} Kg8 {[%clk 01:08:08]} {[%emt 00:00:14]} 46.
f5 {[%clk 00:01:36]} {[%emt 00:00:40]} gxf5 {[%clk 01:08:21]} {[%emt 00:00:16]}
47. Kxf5 {[%clk 00:01:48]} {[%emt 00:00:18]} Kf8 {[%clk 01:08:29]} {[%emt
00:00:22]} 48. g5 {[%clk 00:01:53]} {[%emt 00:00:25]} Kg8 {[%clk 01:08:35]}
{[%emt 00:00:24]} 49. g6 {[%clk 00:02:13]} {[%emt 00:00:09]} fxg6+ {[%clk
01:08:58]} {[%emt 00:00:07]} 50. Kxg6 {[%clk 00:02:33]} {[%emt 00:00:10]} Rc8
{[%clk 01:08:30]} {[%emt 00:00:59]} 51. Rh7 {[%clk 00:02:36]} {[%emt 00:00:27]}
Kf8 {[%clk 01:08:22]} {[%emt 00:00:38]} 52. Rh8# {[%emt 00:00:10]} 1-0

[Event "DEM U12w 2023"]
[Site "Willingen GER"]
[Date "2023.05.29"]
[Round "3"]
[White "Cao, Weiqi"]
[Black "Glotz, Katharina"]
[Result "0-1"]
[Termination "normal"]
[Board "11"]
[WhiteElo "1315"]
[BlackElo "1411"]
[WhiteClock "00:34:32"]
[BlackClock "00:43:00"]
[PlyCount "46"]
[WhiteFideId "34630112"]
[BlackFideId "34631011"]
[EventCountry "GER"]
[EventRounds "9"]
[EventType "swiss"]
[EventDate "2023.05.27"]

1. d4 {[%clk 01:30:59]} Nf6 {[%clk 01:30:53]} {[%emt 00:00:07]} 2. Nf3 {[%clk
01:31:23]} {[%emt 00:00:06]} e6 {[%clk 01:31:12]} {[%emt 00:00:11]} 3. g3
{[%clk 01:31:43]} {[%emt 00:00:10]} c5 {[%clk 01:31:28]} {[%emt 00:00:13]} 4.
e3 {[%clk 01:31:22]} {[%emt 00:00:52]} cxd4 {[%clk 01:30:06]} {[%emt 00:01:53]}
5. exd4 {[%clk 01:31:31]} {[%emt 00:00:20]} d5 {[%clk 01:29:41]} {[%emt
00:00:55]} 6. Bg2 {[%clk 01:31:34]} {[%emt 00:00:27]} Nc6 {[%clk 01:29:27]}
{[%emt 00:00:44]} 7. O-O {[%clk 01:31:27]} {[%emt 00:00:38]} Be7 {[%clk
01:28:46]} {[%emt 00:01:11]} 8. b3 {[%clk 01:30:06]} {[%emt 00:01:51]} O-O
{[%clk 01:27:28]} {[%emt 00:01:47]} 9. Ba3 {[%clk 01:27:23]} {[%emt 00:03:13]}
Bxa3 {[%clk 01:22:59]} {[%emt 00:04:59]} 10. Nxa3 {[%clk 01:27:33]} {[%emt
00:00:21]} b6 {[%clk 01:19:56]} {[%emt 00:03:32]} 11. c4 {[%clk 01:25:55]}
{[%emt 00:02:08]} Ba6 {[%clk 01:16:11]} {[%emt 00:04:15]} 12. Re1 {[%clk
01:23:37]} {[%emt 00:02:48]} Rc8 {[%clk 01:14:36]} {[%emt 00:02:03]} 13. Ne5
{[%clk 01:16:50]} {[%emt 00:07:20]} Qd6 {[%clk 01:03:03]} {[%emt 00:12:02]} 14.
Nc2 {[%clk 01:10:09]} {[%emt 00:07:10]} Nb4 {[%clk 00:53:25]} {[%emt 00:10:09]}
15. Nxb4 {[%clk 01:04:06]} {[%emt 00:06:33]} Qxb4 {[%clk 00:53:27]} {[%emt
00:00:28]} 16. cxd5 {[%clk 00:52:23]} {[%emt 00:12:13]} Nxd5 {[%clk 00:52:56]}
{[%emt 00:01:00]} 17. Bxd5 {[%clk 00:49:38]} {[%emt 00:03:16]} exd5 {[%clk
00:53:18]} {[%emt 00:00:08]} 18. Nd7 {[%clk 00:48:31]} {[%emt 00:01:34]} Rfd8
{[%clk 00:50:41]} {[%emt 00:03:10]} 19. Rc1 {[%clk 00:45:12]} {[%emt 00:03:50]}
f6 {[%clk 00:43:30]} {[%emt 00:07:39]} 20. Qg4 {[%clk 00:42:43]} {[%emt
00:02:55]} Qd6 {[%clk 00:42:18]} {[%emt 00:01:47]} 21. Qe6+ {[%clk 00:35:31]}
{[%emt 00:07:41]} Qxe6 {[%clk 00:42:09]} {[%emt 00:00:41]} 22. Rxe6 {[%clk
00:34:31]} {[%emt 00:01:29]} Rxc1+ {[%clk 00:42:34]} {[%emt 00:00:05]} 23. Kg2
{[%clk 00:34:32]} {[%emt 00:00:29]} Rxd7 {[%clk 00:43:00]} {[%emt 00:00:05]}
0-1

[Event "DEM U12w 2023"]
[Site "Willingen GER"]
[Date "2023.05.29"]
[Round "3"]
[White "Weyerer, Elea"]
[Black "Fruth, Julia"]
[Result "0-1"]
[Termination "normal"]
[Board "12"]
[WhiteElo "1408"]
[BlackElo "1187"]
[WhiteClock "00:27:32"]
[BlackClock "00:35:15"]
[PlyCount "60"]
[WhiteFideId "34605770"]
[BlackFideId "34603050"]
[EventCountry "GER"]
[EventRounds "9"]
[EventType "swiss"]
[EventDate "2023.05.27"]

1. d4 {[%clk 01:30:58]} {[%emt 17:16:14]} Nf6 {[%clk 01:30:53]} {[%emt
00:00:07]} 2. Bf4 {[%clk 01:31:20]} {[%emt 00:00:09]} g6 {[%clk 01:31:03]}
{[%emt 00:00:19]} 3. Nc3 {[%clk 01:31:29]} {[%emt 00:00:22]} Bg7 {[%clk
01:30:33]} {[%emt 00:00:59]} 4. e4 {[%clk 01:31:32]} {[%emt 00:00:27]} d6
{[%clk 01:30:02]} {[%emt 00:01:01]} 5. Qd2 {[%clk 01:30:57]} {[%emt 00:01:06]}
O-O {[%clk 01:29:45]} {[%emt 00:00:47]} 6. O-O-O {[%clk 01:30:38]} {[%emt
00:00:49]} Nbd7 {[%clk 01:28:55]} {[%emt 00:01:20]} 7. e5 {[%clk 01:28:41]}
{[%emt 00:02:27]} dxe5 {[%clk 01:26:47]} {[%emt 00:02:38]} 8. dxe5 {[%clk
01:28:44]} {[%emt 00:00:27]} Nh5 {[%clk 01:24:14]} {[%emt 00:03:00]} 9. Bh6
{[%clk 01:27:51]} {[%emt 00:01:25]} b6 {[%clk 01:22:52]} {[%emt 00:01:53]} 10.
g4 {[%clk 01:25:41]} {[%emt 00:02:40]} Bxh6 {[%clk 01:18:27]} {[%emt 00:04:53]}
11. Qxh6 {[%clk 01:25:55]} {[%emt 00:00:17]} Ng7 {[%clk 01:18:34]} {[%emt
00:00:23]} 12. Bg2 {[%clk 01:23:30]} {[%emt 00:02:53]} Rb8 {[%clk 01:18:00]}
{[%emt 00:01:06]} 13. h4 {[%clk 01:22:13]} {[%emt 00:01:45]} e6 {[%clk
01:10:26]} {[%emt 00:08:06]} 14. h5 {[%clk 01:18:06]} {[%emt 00:04:37]} gxh5
{[%clk 01:09:07]} {[%emt 00:01:48]} 15. gxh5 {[%clk 01:13:39]} {[%emt
00:04:58]} Qe7 {[%clk 01:07:17]} {[%emt 00:02:18]} 16. Nf3 {[%clk 01:11:10]}
{[%emt 00:03:01]} Re8 {[%clk 01:05:23]} {[%emt 00:02:22]} 17. Rh3 {[%clk
01:02:33]} {[%emt 00:09:09]} Kh8 {[%clk 01:03:00]} {[%emt 00:02:52]} 18. Nb5
{[%clk 00:57:29]} {[%emt 00:05:35]} Bb7 {[%clk 00:59:37]} {[%emt 00:03:52]} 19.
Rhh1 {[%clk 00:48:33]} {[%emt 00:09:27]} Rg8 {[%clk 00:58:25]} {[%emt
00:01:41]} 20. Rxd7 {[%clk 00:44:08]} {[%emt 00:04:56]} Nf5 {[%clk 00:53:24]}
{[%emt 00:05:30]} 21. Rxe7 {[%clk 00:42:41]} {[%emt 00:01:59]} Nxh6 {[%clk
00:53:28]} {[%emt 00:00:25]} 22. Rg1 {[%clk 00:41:34]} {[%emt 00:01:37]} Bxf3
{[%clk 00:51:50]} {[%emt 00:02:07]} 23. Bxf3 {[%clk 00:37:45]} {[%emt
00:04:20]} Rxg1+ {[%clk 00:51:54]} {[%emt 00:00:26]} 24. Kd2 {[%clk 00:36:44]}
{[%emt 00:01:30]} Rd8+ {[%clk 00:50:47]} {[%emt 00:01:38]} 25. Ke2 {[%clk
00:35:33]} {[%emt 00:01:34]} Rgd1 {[%clk 00:46:20]} {[%emt 00:05:03]} 26. Rxc7
{[%clk 00:34:53]} {[%emt 00:01:12]} R8d2+ {[%clk 00:40:49]} {[%emt 00:05:59]}
27. Ke3 {[%clk 00:33:49]} {[%emt 00:01:34]} Nf5+ {[%clk 00:40:15]} {[%emt
00:01:05]} 28. Kf4 {[%clk 00:32:00]} {[%emt 00:02:11]} Rxf2 {[%clk 00:38:29]}
{[%emt 00:02:24]} 29. Rc3 {[%clk 00:29:23]} {[%emt 00:03:03]} h6 {[%clk
00:35:21]} {[%emt 00:03:41]} 30. Nxa7 {[%clk 00:27:32]} {[%emt 00:02:22]} Rd4#
{[%clk 00:35:15]} {[%emt 00:00:35]} 0-1

[Event "DEM U12w 2023"]
[Site "Willingen GER"]
[Date "2023.05.29"]
[Round "3"]
[White "Rössling, Laura Marie"]
[Black "Margaryan, Mane"]
[Result "1-0"]
[Termination "normal"]
[Board "13"]
[WhiteElo "1312"]
[BlackElo "1403"]
[WhiteClock "00:56:25"]
[BlackClock "01:06:31"]
[PlyCount "49"]
[WhiteFideId "16289471"]
[BlackFideId "16268237"]
[EventCountry "GER"]
[EventRounds "9"]
[EventType "swiss"]
[EventDate "2023.05.27"]

1. e4 {[%clk 01:30:57]} c5 {[%clk 01:30:57]} {[%emt 00:00:03]} 2. Nf3 {[%clk
01:31:20]} {[%emt 00:00:07]} e6 {[%clk 01:31:20]} {[%emt 00:00:07]} 3. d4
{[%clk 01:31:44]} {[%emt 00:00:06]} cxd4 {[%clk 01:31:45]} {[%emt 00:00:05]} 4.
Nxd4 {[%clk 01:32:05]} {[%emt 00:00:10]} a6 {[%clk 01:32:09]} {[%emt 00:00:06]}
5. Nc3 {[%clk 01:30:14]} {[%emt 00:02:20]} Qc7 {[%clk 01:32:27]} {[%emt
00:00:12]} 6. Be3 {[%clk 01:30:15]} {[%emt 00:00:29]} Nf6 {[%clk 01:29:55]}
{[%emt 00:03:03]} 7. Bd3 {[%clk 01:23:40]} {[%emt 00:07:02]} Bb4 {[%clk
01:28:42]} {[%emt 00:01:41]} 8. Bd2 {[%clk 01:13:14]} {[%emt 00:11:00]} O-O
{[%clk 01:27:19]} {[%emt 00:01:53]} 9. O-O {[%clk 01:11:17]} {[%emt 00:02:27]}
b5 {[%clk 01:26:08]} {[%emt 00:01:40]} 10. Ncxb5 {[%clk 01:04:07]} {[%emt
00:07:42]} axb5 {[%clk 01:24:09]} {[%emt 00:02:28]} 11. Bxb4 {[%clk 01:04:12]}
{[%emt 00:00:25]} Re8 {[%clk 01:19:35]} {[%emt 00:05:04]} 12. Nxb5 {[%clk
01:00:46]} {[%emt 00:03:55]} Qc6 {[%clk 01:14:16]} {[%emt 00:05:47]} 13. Qd2
{[%clk 00:57:39]} {[%emt 00:03:37]} Bb7 {[%clk 01:11:05]} {[%emt 00:03:43]} 14.
Nd6 {[%clk 00:55:19]} {[%emt 00:02:50]} Rd8 {[%clk 01:08:59]} {[%emt 00:02:36]}
15. Nxb7 {[%clk 00:55:15]} {[%emt 00:00:34]} Qxb7 {[%clk 01:09:02]} {[%emt
00:00:27]} 16. Bc3 {[%clk 00:55:14]} {[%emt 00:00:31]} Nxe4 {[%clk 01:07:56]}
{[%emt 00:01:36]} 17. Bxe4 {[%clk 00:55:19]} {[%emt 00:00:25]} Qxe4 {[%clk
01:07:31]} {[%emt 00:00:55]} 18. Qg5 {[%clk 00:55:13]} {[%emt 00:00:32]} f6
{[%clk 01:05:38]} {[%emt 00:02:28]} 19. Bxf6 {[%clk 00:55:03]} {[%emt
00:00:40]} Qg6 {[%clk 01:05:50]} {[%emt 00:00:18]} 20. Qxg6 {[%clk 00:55:23]}
{[%emt 00:00:10]} hxg6 {[%clk 01:06:12]} {[%emt 00:00:08]} 21. Bxd8 {[%clk
00:55:46]} {[%emt 00:00:07]} Nc6 {[%clk 01:06:30]} {[%emt 00:00:12]} 22. Bh4
{[%clk 00:55:44]} {[%emt 00:00:32]} Nd4 {[%clk 01:06:27]} {[%emt 00:00:32]} 23.
c3 {[%clk 00:55:47]} {[%emt 00:00:27]} Nf5 {[%clk 01:06:45]} {[%emt 00:00:13]}
24. Bg3 {[%clk 00:56:03]} {[%emt 00:00:11]} Rb8 {[%clk 01:06:31]} {[%emt
00:00:45]} 25. Bxb8 {[%clk 00:56:25]} {[%emt 00:00:09]} 1-0

[Event "DEM U12w 2023"]
[Site "Willingen GER"]
[Date "2023.05.29"]
[Round "3"]
[White "Briese, Sophie"]
[Black "Ali, Maha"]
[Result "0-1"]
[Termination "normal"]
[Board "14"]
[WhiteElo "1214"]
[BlackElo "1403"]
[WhiteClock "00:57:03"]
[BlackClock "00:43:33"]
[PlyCount "66"]
[WhiteFideId "34660305"]
[BlackFideId "34626581"]
[EventCountry "GER"]
[EventRounds "9"]
[EventType "swiss"]
[EventDate "2023.05.27"]

1. e4 {[%emt 00:00:03]} c6 {[%clk 01:30:56]} {[%emt 00:00:01]} 2. d4 {[%clk
01:31:21]} {[%emt 00:00:08]} d5 {[%clk 01:31:18]} {[%emt 00:00:07]} 3. exd5
{[%clk 01:31:45]} {[%emt 00:00:06]} cxd5 {[%clk 01:31:38]} {[%emt 00:00:10]} 4.
Bd3 {[%clk 01:32:08]} {[%emt 00:00:08]} Nc6 {[%clk 01:32:00]} {[%emt 00:00:07]}
5. c3 {[%clk 01:32:33]} {[%emt 00:00:05]} Qc7 {[%clk 01:32:22]} {[%emt
00:00:08]} 6. Nf3 {[%clk 01:32:07]} {[%emt 00:00:56]} Bg4 {[%clk 01:32:41]}
{[%emt 00:00:11]} 7. O-O {[%clk 01:31:07]} {[%emt 00:01:30]} e6 {[%clk
01:32:17]} {[%emt 00:00:54]} 8. h3 {[%clk 01:29:20]} {[%emt 00:02:18]} Bh5
{[%clk 01:31:31]} {[%emt 00:01:15]} 9. Be3 {[%clk 01:27:53]} {[%emt 00:01:58]}
Nf6 {[%clk 01:30:49]} {[%emt 00:01:13]} 10. Nbd2 {[%clk 01:27:21]} {[%emt
00:01:01]} Bd6 {[%clk 01:29:43]} {[%emt 00:01:36]} 11. Qc2 {[%clk 01:26:17]}
{[%emt 00:01:35]} Rc8 {[%clk 01:25:32]} {[%emt 00:04:40]} 12. a3 {[%clk
01:25:28]} {[%emt 00:01:19]} Bg6 {[%clk 01:20:52]} {[%emt 00:05:10]} 13. c4
{[%clk 01:24:14]} {[%emt 00:01:45]} Bxd3 {[%clk 01:17:41]} {[%emt 00:03:40]}
14. Qxd3 {[%clk 01:24:34]} {[%emt 00:00:09]} O-O {[%clk 01:16:31]} {[%emt
00:01:41]} 15. Bg5 {[%clk 01:23:39]} {[%emt 00:01:25]} Nh5 {[%clk 01:14:07]}
{[%emt 00:02:53]} 16. Qe3 {[%clk 01:13:14]} {[%emt 00:10:57]} Bf4 {[%clk
01:09:41]} {[%emt 00:04:55]} 17. Bxf4 {[%clk 01:13:08]} {[%emt 00:00:35]} Qxf4
{[%clk 01:09:46]} {[%emt 00:00:25]} 18. Qd3 {[%clk 01:07:52]} {[%emt 00:05:47]}
Nf6 {[%clk 01:06:24]} {[%emt 00:03:52]} 19. Qe3 {[%clk 01:06:15]} {[%emt
00:02:07]} Qxe3 {[%clk 01:03:24]} {[%emt 00:03:29]} 20. fxe3 {[%clk 01:06:34]}
{[%emt 00:00:13]} dxc4 {[%clk 01:00:25]} {[%emt 00:03:29]} 21. Rfc1 {[%clk
01:04:23]} {[%emt 00:02:41]} Na5 {[%clk 00:57:48]} {[%emt 00:03:07]} 22. Ne5
{[%clk 01:03:44]} {[%emt 00:01:09]} Nb3 {[%clk 00:55:37]} {[%emt 00:02:41]} 23.
Nxb3 {[%clk 01:03:35]} {[%emt 00:00:39]} cxb3 {[%clk 00:55:54]} {[%emt
00:00:13]} 24. Rc3 {[%clk 01:03:26]} {[%emt 00:00:39]} Rxc3 {[%clk 00:54:58]}
{[%emt 00:01:26]} 25. bxc3 {[%clk 01:03:31]} {[%emt 00:00:25]} Rc8 {[%clk
00:54:32]} {[%emt 00:00:56]} 26. c4 {[%clk 01:03:52]} {[%emt 00:00:08]} Ne4
{[%clk 00:53:12]} {[%emt 00:01:50]} 27. Rb1 {[%clk 01:01:21]} {[%emt 00:03:02]}
f6 {[%clk 00:50:46]} {[%emt 00:02:56]} 28. Nf3 {[%clk 01:01:09]} {[%emt
00:00:41]} Rxc4 {[%clk 00:50:01]} {[%emt 00:01:15]} 29. Rxb3 {[%clk 01:01:22]}
{[%emt 00:00:16]} Rc3 {[%clk 00:49:27]} {[%emt 00:01:04]} 30. Rxb7 {[%clk
00:59:29]} {[%emt 00:02:25]} Rxa3 {[%clk 00:47:47]} {[%emt 00:02:10]} 31. Re7
{[%clk 00:57:21]} {[%emt 00:02:38]} Ra6 {[%clk 00:44:17]} {[%emt 00:04:00]} 32.
d5 {[%clk 00:56:57]} {[%emt 00:00:54]} exd5 {[%clk 00:43:12]} {[%emt 00:01:35]}
33. Rxe4 {[%clk 00:57:03]} {[%emt 00:00:23]} dxe4 {[%clk 00:43:33]} {[%emt
00:00:09]} 0-1

[Event "DEM U12w 2023"]
[Site "Willingen GER"]
[Date "2023.05.29"]
[Round "3"]
[White "Komar, Valerie"]
[Black "Albrecht, Sidney Jenna"]
[Result "1-0"]
[Termination "normal"]
[Board "15"]
[WhiteElo "1379"]
[BlackElo "1079"]
[WhiteClock "00:44:22"]
[BlackClock "00:51:36"]
[PlyCount "63"]
[WhiteFideId "34139664"]
[BlackFideId "34660283"]
[EventCountry "GER"]
[EventRounds "9"]
[EventType "swiss"]
[EventDate "2023.05.27"]

1. e4 {[%clk 01:30:57]} c5 {[%clk 01:30:52]} {[%emt 00:00:08]} 2. c3 {[%clk
01:31:24]} {[%emt 00:00:04]} Nc6 {[%clk 01:30:20]} {[%emt 00:01:02]} 3. d4
{[%clk 01:31:47]} {[%emt 00:00:07]} cxd4 {[%clk 01:30:07]} {[%emt 00:00:43]} 4.
cxd4 {[%clk 01:32:12]} {[%emt 00:00:05]} g6 {[%clk 01:30:28]} {[%emt 00:00:09]}
5. Nf3 {[%clk 01:32:37]} {[%emt 00:00:05]} Bg7 {[%clk 01:29:35]} {[%emt
00:01:22]} 6. Bc4 {[%clk 01:32:33]} {[%emt 00:00:35]} e6 {[%clk 01:27:34]}
{[%emt 00:02:31]} 7. Nc3 {[%clk 01:32:34]} {[%emt 00:00:28]} Nge7 {[%clk
01:26:51]} {[%emt 00:01:14]} 8. O-O {[%clk 01:32:49]} {[%emt 00:00:15]} O-O
{[%clk 01:26:33]} {[%emt 00:00:48]} 9. Bf4 {[%clk 01:33:04]} {[%emt 00:00:13]}
d5 {[%clk 01:25:30]} {[%emt 00:01:35]} 10. exd5 {[%clk 01:28:46]} {[%emt
00:04:48]} exd5 {[%clk 01:25:50]} {[%emt 00:00:11]} 11. Be2 {[%clk 01:25:59]}
{[%emt 00:03:13]} Bg4 {[%clk 01:24:03]} {[%emt 00:02:21]} 12. Ne5 {[%clk
01:25:02]} {[%emt 00:01:19]} Bxe2 {[%clk 01:23:32]} {[%emt 00:01:09]} 13. Nxe2
{[%clk 01:25:23]} {[%emt 00:00:09]} Qb6 {[%clk 01:21:41]} {[%emt 00:02:21]} 14.
Nd7 {[%clk 01:22:47]} {[%emt 00:03:02]} Qxb2 {[%clk 01:20:19]} {[%emt
00:01:56]} 15. Nxf8 {[%clk 01:22:32]} {[%emt 00:00:45]} Rxf8 {[%clk 01:20:16]}
{[%emt 00:00:33]} 16. Bd6 {[%clk 01:17:21]} {[%emt 00:05:37]} Re8 {[%clk
01:17:40]} {[%emt 00:03:11]} 17. Bxe7 {[%clk 01:16:31]} {[%emt 00:01:19]} Rxe7
{[%clk 01:17:38]} {[%emt 00:00:31]} 18. Nf4 {[%clk 01:14:29]} {[%emt 00:02:25]}
Rd7 {[%clk 01:17:12]} {[%emt 00:01:04]} 19. Qe1 {[%clk 01:08:54]} {[%emt
00:05:53]} Rd8 {[%clk 01:16:35]} {[%emt 00:01:20]} 20. Rb1 {[%clk 01:03:02]}
{[%emt 00:06:18]} Qxa2 {[%clk 01:14:35]} {[%emt 00:02:34]} 21. Rxb7 {[%clk
01:01:54]} {[%emt 00:01:38]} Bxd4 {[%clk 01:13:51]} {[%emt 00:01:13]} 22. Rc7
{[%clk 01:01:03]} {[%emt 00:01:12]} Ne5 {[%clk 01:11:33]} {[%emt 00:02:57]} 23.
Qb4 {[%clk 01:00:06]} {[%emt 00:01:14]} Bb6 {[%clk 01:07:01]} {[%emt 00:05:15]}
24. Rc3 {[%clk 00:54:03]} {[%emt 00:06:12]} Ng4 {[%clk 01:02:53]} {[%emt
00:04:59]} 25. Rf3 {[%clk 00:52:24]} {[%emt 00:02:00]} Rc8 {[%clk 01:01:42]}
{[%emt 00:01:50]} 26. Nxd5 {[%clk 00:46:50]} {[%emt 00:06:04]} Rc4 {[%clk
00:59:45]} {[%emt 00:02:27]} 27. Qe7 {[%clk 00:45:31]} {[%emt 00:01:40]} Bc5
{[%clk 00:54:08]} {[%emt 00:06:15]} 28. Qxf7+ {[%clk 00:43:31]} {[%emt
00:02:30]} Kh8 {[%clk 00:54:22]} {[%emt 00:00:16]} 29. Ne7 {[%clk 00:43:33]}
{[%emt 00:00:19]} Bxe7 {[%clk 00:51:44]} {[%emt 00:03:17]} 30. Qe8+ {[%clk
00:43:32]} {[%emt 00:00:27]} Kg7 {[%emt 00:00:49]} 31. Qxe7+ {[%clk 00:43:57]}
Kh6 {[%clk 00:51:36]} {[%emt 00:00:27]} 32. Rh3# {[%clk 00:44:22]} {[%emt
00:00:05]} 1-0